|
|
|
|
| LEADER |
00986nab a2200217 i 4500 |
| 001 |
misc67995 |
| 005 |
20231012093332.0 |
| 008 |
230717s1978 hu o 0|| eng d |
| 040 |
|
|
|a SZTE Miscellanea Repozitórium
|b hun
|
| 041 |
|
|
|a eng
|
| 100 |
2 |
|
|a Róna-Tas András
|
| 245 |
1 |
3 |
|a An unpublished Chuvash wordlist in the Library of the Hungarian Academy of Sciences
|h [elektronikus dokumentum] /
|c Róna-Tas András
|
| 260 |
|
|
|a Magyar Tudományos Akadémia Könyvtára
|b Budapest
|c 1978
|
| 300 |
|
|
|a 159-173
|c 24 cm
|
| 490 |
0 |
|
|a Jubilee volume of the Oriental Collection 1951-1976 : papers presented on the occasion of the 25th anniversary of the Oriental Collection of the Library of the Hungarian Academy of Sciences
|
| 561 |
|
|
|a Németh Gyula hagyaték
|
| 591 |
|
|
|a NOA 5102;XKEK 1952
|
| 650 |
|
4 |
|a Bölcsészettudományok
|
| 650 |
|
4 |
|a Nyelvek és irodalom
|
| 695 |
|
|
|a Turkológia, Csuvas nyelv
|
| 856 |
4 |
0 |
|u http://misc.bibl.u-szeged.hu/67995/1/5102_noa.pdf
|z Dokumentum-elérés
|